Catálogo público

Asociación de un orthotospovirus a la mancha anular de los frutos del tomate de cascara (Physalis philadelphica Lam.) en Tabasco, Zacatecas / (Record no. 220067)

MARC details
000 -CABECERA
campo de control de longitud fija 02764nam a2200325 a 4500
003 - IDENTIFICADOR DEL NÚMERO DE CONTROL
campo de control OSt
005 - FECHA Y HORA DE LA ÚLTIMA TRANSACCIÓN
campo de control 20241125134123.0
007 - CAMPO FIJO DE DESCRIPCIÓN FÍSICA--INFORMACIÓN GENERAL
campo de control de longitud fija cr ||||||a|c|a
008 - DATOS DE LONGITUD FIJA--INFORMACIÓN GENERAL
campo de control de longitud fija 240808s2023 mx a|||fom||| 001 0 spa d
040 ## - FUENTE DE LA CATALOGACIÓN
Normas de descripción rda
100 1# - ENTRADA PRINCIPAL--NOMBRE DE PERSONA
Nombre de persona Ruvalcaba Ramírez, Rubén
9 (RLIN) 189390
245 1# - MENCIÓN DE TÍTULO
Título Asociación de un orthotospovirus a la mancha anular de los frutos del tomate de cascara (Physalis philadelphica Lam.) en Tabasco, Zacatecas /
Mención de responsabilidad, etc. por Rubén Ruvalcaba Ramírez; director de tesis Alfonsina Judith Hernández Juarez; secretario Camilo Hernández Juarez; vocal Luis Emilio Castillo Márquez; suplente Dimas Mejía Sánchez; suplente Luis Martín Rivera Sosa.
264 #1 - PRODUCCIÓN, PUBLICACIÓN, DISTRIBUCIÓN, FABRICACIÓN Y COPYRIGHT
Producción, publicación, distribución, fabricación y copyright Chapingo, México :
Nombre del de productor, editor, distribuidor, fabricante El autor,
Fecha de producción, publicación, distribución, fabricación o copyright 2023.
300 ## - DESCRIPCIÓN FÍSICA
Extensión 1 recurso en línea (90 páginas):
Otras características físicas figuras, cuadros.
336 ## - TIPO DE CONTENIDO
Fuente rdacontent
Término de tipo de contenido texto
Código de tipo de contenido txt
337 ## - TIPO DE MEDIO
Fuente rdamedia
Nombre/término del tipo de medio computadora
Código del tipo de medio c
338 ## - TIPO DE SOPORTE
Fuente rdacarrier
Nombre/término del tipo de soporte recurso en línea
Código del tipo de soporte cr
502 ## - NOTA DE TESIS
Tipo de título Ingeniero Agrónomo Especialista en Parasitología Agrícola
Nombre de la institución que otorga el título Departamento de Enseñanza, Investigación y Servicio en Parasitología Agrícola,
Año de obtención del título 2023.
Información miscelánea Licenciatura
504 ## - NOTA DE BIBLIOGRAFÍA, ETC.
Nota de bibliografía, etc. Incluye referencias bibliográficas: páginas 76-90.
520 ## - SUMARIO, ETC.
Sumario, etc. La etiología de la enfermedad de las manchas anulares en los frutos de tomate de cáscara en Tabasco, Zacatecas es esconocida. Para determinar esto se realizaron pruebas biológicas, histopatológicas, así como la amplificación por RT-PCR y PCR para determinar la etiología del agente causante. Los síntomas obtenidos por la inoculación mecánica en plantas diferenciales difirieron a los descritos por otros autores, lo cual podría deberse a diferencias en las condiciones ambientales o en el inóculo utilizado. Se observaron cuerpos de inclusión amorfos y gránulos en las células de las nervaduras de las hojas de Capsicum annum L. Esto junto con los síntomas obtenidos coinciden con las características descritas para un virus del género Orthotospovirus. La amplificación de un fragmento de 453 pb del ORF de la nucleocápside mediante RT-PCR confirmó esta hipótesis. El alineamiento de las secuencias consenso obtenidas a partir de los fragmentos amplificados mostró un 100% de cobertura y 87.82% de identidad con Orthotospovirus impatiensnecromaculae (Impatiens necrotic spot Orthotospovirus).
650 #4 - PUNTO DE ACCESO ADICIONAL DE MATERIA--TÉRMINO DE MATERIA
Término de materia o nombre geográfico como elemento de entrada Mancha anular del tomate de cáscara
9 (RLIN) 189391
650 #7 - PUNTO DE ACCESO ADICIONAL DE MATERIA--TÉRMINO DE MATERIA
Término de materia o nombre geográfico como elemento de entrada Orthotospovirus impatiensnecromaculae
Subdivisión general Identificación
9 (RLIN) 189392
700 1# - PUNTO DE ACCESO ADICIONAL--NOMBRE DE PERSONA
Nombre de persona Hernández, Alfonsina Judith
9 (RLIN) 189395
Término indicativo de función/relación Director de tesis.
700 0# - PUNTO DE ACCESO ADICIONAL--NOMBRE DE PERSONA
Nombre de persona Hernández Juárez, Camilo
9 (RLIN) 54197
Término indicativo de función/relación Secretario.
700 0# - PUNTO DE ACCESO ADICIONAL--NOMBRE DE PERSONA
Nombre de persona Castillo Márquez, Luis Emilio
9 (RLIN) 20176
Término indicativo de función/relación Vocal.
700 0# - PUNTO DE ACCESO ADICIONAL--NOMBRE DE PERSONA
Nombre de persona Mejía Sánchez, Dimas
9 (RLIN) 74288
Término indicativo de función/relación Suplente.
700 1# - PUNTO DE ACCESO ADICIONAL--NOMBRE DE PERSONA
Nombre de persona Rivera Sosa, Luis Martín
9 (RLIN) 189396
Término indicativo de función/relación Suplente.
856 ## - LOCALIZACIÓN Y ACCESO ELECTRÓNICOS
Identificador Uniforme del Recurso http://10.13.5.2/tesis/tl/1412291-1_Ruvalcaba_Ramirez_Ruben.pdf
Nota pública DESCARGAR PDF
942 ## - ELEMENTOS DE PUNTO DE ACCESO ADICIONAL (KOHA)
Fuente del sistema de clasificación o colocación Clasificación Universidad Autónoma Chapingo
Tipo de ítem Koha Tesis digital
Holdings
Estado de retiro Estado de pérdida Fuente del sistema de clasificación o colocación Estado dañado Restricciones de uso No para préstamo Código de colección Localización permanente Ubicación/localización actual Ubicación en estantería Fecha de adquisición Total de préstamos Signatura topográfica completa Fecha visto por última vez Precio válido a partir de Tipo de ítem Koha
    Clasificación Universidad Autónoma de Chapingo   Préstamo interno   Tesis digitales de Licenciatura Biblioteca Digital Biblioteca Digital En línea 08/08/2024   Tesis digital 08/08/2024 08/08/2024 Tesis digital